Frightful's mountain / (Record no. 5946)

MARC details
000 -LEADER
fixed length control field 01609cam a2200361 a 4500
001 - CONTROL NUMBER
control field 5946
003 - CONTROL NUMBER IDENTIFIER
control field FISKH
005 - DATE AND TIME OF LATEST TRANSACTION
control field 20250210160320.0
008 - FIXED-LENGTH DATA ELEMENTS--GENERAL INFORMATION
fixed length control field 990504s1999 nyua j 000 1 eng
010 ## - LIBRARY OF CONGRESS CONTROL NUMBER
LC control number 99032932
020 ## - INTERNATIONAL STANDARD BOOK NUMBER
International Standard Book Number 0525461663
040 ## - CATALOGING SOURCE
Original cataloging agency DLC
Transcribing agency DLC
Modifying agency DLC
Language of cataloging eng
042 ## - AUTHENTICATION CODE
Authentication code lcac
050 ## - LIBRARY OF CONGRESS CALL NUMBER
Classification number PZ10.G316 F
082 ## - DEWEY DECIMAL CLASSIFICATION NUMBER
Classification number 813.54
100 1# - MAIN ENTRY--PERSONAL NAME
Personal name George, Jean Craighead
Dates associated with a name (1919-2012)
245 10 - TITLE STATEMENT
Title Frightful's mountain /
Statement of responsibility, etc. written and illustrated by Jean Craighead George ; with a foreword by Robert F. Kennedy, Jr.
250 ## - EDITION STATEMENT
Edition statement This edition first published in 2001
260 ## - PUBLICATION, DISTRIBUTION, ETC.
Place of publication, distribution, etc. New York :
Name of publisher, distributor, etc. Scholastic,
Date of publication, distribution, etc. 1999.
300 ## - PHYSICAL DESCRIPTION
Extent 258 pages :
Other physical details illustrations ;
Dimensions 18 cm
505 ## - FORMATTED CONTENTS NOTE
Formatted contents note R<br/>
520 ## - SUMMARY, ETC.
Summary, etc. As she grows through the first years of her life in the Catskill Mountains of New York, a peregrine falcon called Frightful interacts with various humans, including the boy who raised her, a falconer who rescues her, and several unscrupulous poachers, as well as with many animals that are part of the area's ecological balance.
521 8# - TARGET AUDIENCE NOTE
Target audience note 710<br/>
Source Lexile<br/>
521 8# - TARGET AUDIENCE NOTE
Target audience note R<br/>
Source Raz-Plus<br/>
650 #0 - SUBJECT ADDED ENTRY--TOPICAL TERM
Topical term or geographic name entry element Peregrine falcon
Form subdivision Juvenile fiction.
650 #1 - SUBJECT ADDED ENTRY--TOPICAL TERM
Topical term or geographic name entry element Peregrine falcons
Form subdivision Fiction.
856 42 - ELECTRONIC LOCATION AND ACCESS
Materials specified Publisher description
Uniform Resource Identifier <a href="http://www.loc.gov/catdir/enhancements/fy1207/99032932-d.html">http://www.loc.gov/catdir/enhancements/fy1207/99032932-d.html</a>
856 41 - ELECTRONIC LOCATION AND ACCESS
Materials specified Sample text
Uniform Resource Identifier <a href="http://www.loc.gov/catdir/enhancements/fy1207/99032932-s.html">http://www.loc.gov/catdir/enhancements/fy1207/99032932-s.html</a>
856 42 - ELECTRONIC LOCATION AND ACCESS
Materials specified Contributor biographical information
Uniform Resource Identifier <a href="http://www.loc.gov/catdir/enhancements/fy1505/99032932-b.html">http://www.loc.gov/catdir/enhancements/fy1505/99032932-b.html</a>
906 ## - LOCAL DATA ELEMENT F, LDF (RLIN)
a 7
b cbc
c orignew
d 1
e ocip
f 19
g y-gencatlg
942 ## - ADDED ENTRY ELEMENTS (KOHA)
Source of classification or shelving scheme Dewey Decimal Classification
Koha item type Books
Suppress in OPAC No
Holdings
Withdrawn status Lost status Source of classification or shelving scheme Damaged status Not for loan Collection Home library Current library Shelving location Date acquired Total Checkouts Full call number Barcode Date last seen Copy number Price effective from Koha item type
    Dewey Decimal Classification     Juvenile Fiction Footprints International School Library Network Toul Kork Campus Footprints International School Library Network Toul Kork Campus TTP Primary Orange Bookshelves 02/10/2025   GRE 813.54 PZ10.G316 F 2025-0486 02/10/2025 1 02/10/2025 Books